Chuť smútku dvoch veľkých (úvahy nad novými prekladmi Baudelaira a Apollinaira)

Bibliographic Details
Main Author: Felix, Jozef, 1913-1977 (Author)
Format: Article
Language:Slovak
Subjects:

MARC

LEADER 00000nab a2200000uu 4500
001 vtls011513201
003 SK-MaSNL
005 20260303182045.0
008 230704|1977 xo |||||||||||||||||slo|
015 |a SNBRB 
035 |a (urnnbn)urn:nbn:sk:snk:ar-001e4l 
035 |a (uuid)e63257b6-1a45-4f8d-9c37-f5b9f6a4b0d4 
035 |a urn:nbn:sk:snk-abe3d3 
040 |a SNKBUCL  |b slo  |c SNKBUCL  |e AACR2 
041 0 |a slo 
044 |a xo  |c SK 
100 1 |a Felix, Jozef,  |d 1913-1977  |4 aut  |9 92715 
245 1 0 |a Chuť smútku dvoch veľkých  |b (úvahy nad novými prekladmi Baudelaira a Apollinaira)  |c Jozef Felix 
246 3 0 |a Úvahy nad novými prekladmi Baudelaira a Apollinaira 
500 |a Dokončenie 
600 1 7 |a Apollinaire, Guillaume,  |d 1880-1918  |2 SNKMA  |9 120383 
600 1 7 |a Baudelaire, Charles,  |d 1821-1867  |2 SNKMA  |9 119527 
650 0 7 |a preklady z francúzštiny  |2 SNKPH  |9 100040 
655 7 |a úvahy  |2 SNKPH  |9 29403 
773 0 |t Slovenské pohľady  |g Roč. 93, č. 5 (1977), s. 104-119 
850 |a Slovenská národná knižnica 
852 |a Slovenská národná knižnica 
954 |a odborná, vedecká literatúra pôvodná (slovenská)  |2 lita 
958 |a OND 
958 |a EUIPO 
958 |a article21 
999 |c 2115539  |d 2117469